000 00327nam a2200145Ia 4500
008 221030s9999 xx 000 0 und d
041 _aEnglish
082 _a105.6
100 _aAnupama Goyal/190
245 0 _aOnline Crime Management
250 _a2009
260 _aInfoworld Noida
_c2009
650 _aMCA
942 _cTH
999 _c13856
_d13856